Clubs de Pro A - Tennis de table 2025-2026 - Statistiques

Statistiques générales
  • Ce quiz a été pris 60 fois
  • Le résultat moyen est 7 sur 10
Statistiques - réponses
Indice : région du club / Joueur phare Club % Correct
Bretagne / Simon Gauzy Hennebont
88%
Occitanie / Félix & Alexis Lebrun Nîmes-Montpellier
85%
Normandie / Emmanuel Lebesson Caen
75%
Hauts de France / Flavien Coton Bruille
73%
Pays de la Loire / Joao Geraldo Loups d'Angers
69%
Normandie / Thibault Poret Rouen
69%
Pays de la Loire / Nima Alamyan La Romagne
58%
Bretagne / Jules Rolland Thorigné-Fouillard
54%
Île-de-France Pontoise-Cergy
52%
Auvergne-Rhône-Alpes / Florian Bourrassaud Roanne
46%
Aucun quiz correspondant
Distribution des résultats
% des personnes avec chaque résultat
Percentile par nombre de réponses
Votre historique - résultats
Vous n’avez pas pris ce quiz